| 000 | 00677nam a2200205 a 4500 | ||
|---|---|---|---|
| 008 | 120416s1999 ||||||||||||||||| || u | ||
| 020 | _a0120588668 | ||
| 050 | _aGC 150.5 Ape | ||
| 100 | _aApel, J. R | ||
| 245 | 1 | 0 | _aPrinciples of ocean physics |
| 260 |
_aNew York _bAcademic Press _c1999 |
||
| 300 | _axiii, 634p. : ill. | ||
| 350 | _a0.00 | ||
| 490 | _aInternational geophysics series, 0074-6142 | ||
| 490 | _vv. 38 | ||
| 500 | _aBibliography. | ||
| 650 | _aOCEAN | ||
| 650 | _aOceanography | ||
| 995 |
_D0.00 _FCBU-MAIN LIBRARY (Kitwe) _H1 _I27.95 _M1 _UAVAILABLE _WJul 11, 2006 _ZMain Library Open Access Collection |
||
| 999 |
_c54621 _d54621 |
||